| 000 | 01238nam a22002537a 4500 | ||
|---|---|---|---|
| 003 | NALT | ||
| 005 | 20240724233226.0 | ||
| 008 | s2547 th tha d | ||
| 040 | _aNALT | ||
| 041 | _atha | ||
| 050 |
_aML3758.T5 _bก639ก 2547 |
||
| 100 | 0 | _aกิจชัย ส่องเนตร | |
| 245 | 1 | 0 |
_aการศึกษานักคิดท้องถิ่น กรณีศึกษานักคิดท้องถิ่นในกลุ่มซอพื้นเมือง : _bนายคำผาย นุปิง / _cกิจชัย ส่องเนตร. |
| 260 |
_aกรุงเทพฯ : _bสำนักงานกองทุนสนับสนุนการวิจัย, _c2547 |
||
| 300 |
_a146 หน้า : _bภาพประกอบ ; _c29 ซม. |
||
| 650 | 0 | 4 | _aเพลงพื้นเมือง -- ไทย (ภาคเหนือ) |
| 650 | 0 | 4 | _aดนตรีพื้นบ้าน |
| 650 | 0 | 4 | _aคำผาย นุปิง |
| 650 | 0 | 4 | _aเพลงพื้นเมือง |
| 650 | 0 | 4 | _aซอ -- วิจัย |
| 850 | _aNALT | ||
| 942 |
_cRSH _2lcc |
||
| 999 |
_c44590 _d44590 |
||
| 998 |
_j109 _k อารีรัตน์ วิชาช่าง |
||